नस्ते ऊपद्व्याप (Record no. 152089)
[ view plain ]
| 000 -LEADER | |
|---|---|
| fixed length control field | 00510nam a2200169Ia 4500 |
| 008 - FIXED-LENGTH DATA ELEMENTS--GENERAL INFORMATION | |
| fixed length control field | 090124s9999 xx 000 0 und d |
| 082 ## - DEWEY DECIMAL CLASSIFICATION NUMBER | |
| Item number | 105998 |
| 100 ## - MAIN ENTRY--PERSONAL NAME | |
| Personal name | अदवंत म. ना. |
| 245 ## - TITLE STATEMENT | |
| Title | नस्ते ऊपद्व्याप |
| 250 ## - EDITION STATEMENT | |
| Edition statement | 1 |
| 300 ## - PHYSICAL DESCRIPTION | |
| Extent | 120 |
| 600 ## - SUBJECT ADDED ENTRY--PERSONAL NAME | |
| Personal name | अदवंत म. ना. |
| 630 ## - SUBJECT ADDED ENTRY--UNIFORM TITLE | |
| Uniform title | नस्ते ऊपद्व्याप |
| 700 ## - ADDED ENTRY--PERSONAL NAME | |
| Personal name | अदवंत म. ना. |
| 730 ## - ADDED ENTRY--UNIFORM TITLE | |
| Uniform title | नस्ते ऊपद्व्याप |
| 942 ## - ADDED ENTRY ELEMENTS (KOHA) | |
| Koha item type | Book |
| Withdrawn status | Lost status | Damaged status | Not for loan | Home library | Current library | Date acquired | Cost, normal purchase price | Total Checkouts | Full call number | Barcode | Date last seen | Cost, replacement price | Price effective from | Koha item type |
|---|---|---|---|---|---|---|---|---|---|---|---|---|---|---|
| Marathi Granth Sangrahalaya,Thane | Marathi Granth Sangrahalaya,Thane | 2.00 | 105998 | THNMGS-105998 | 01/24/2009 | 2.00 | 01/24/2009 | Book |